Batman, Teenage Mutant Ninja Turtles adventures. ... Read More
Available copies
- 2 of 2 copies available at LARL/NWRL Consortium.
Current holds
0 current holds with 2 total copies.
Show All Copies
| Location | Call Number / Copy Notes | Barcode | Shelving Location | Status | Due Date |
|---|---|---|---|---|---|
| Crookston Public Library | J G MAN (Text) | 33500012804035 | Main | Available | - |
| Detroit Lakes Public Library | J G MAN (Text) | 33500012804027 | Main | Available | - |
Record details
- ISBN: 1496573870
- ISBN: 9781496573872
- Physical Description: 24 pages : chiefly color illustrations ; 27 cm
- Publisher: North Mankato, Minnesota : Stone Arch Books, [2019]
- Copyright: ©2019
Content descriptions
| General Note: | Originally published as BATMAN/TEENAGE MUTANT NINJA TURTLES ADVENTURES #6. |
| Summary, etc.: | The evil Kraang travel across dimensions to attack ... Read More |
Search for related items by subject
| Genre: | Superhero comics. Graphic novels. Comic books, strips, etc. Graphic novels. Superhero comics. |
Search for related items by series
| LDR | 02151cam a2200469Ii 4500 | ||
|---|---|---|---|
| 001 | 302032 | ||
| 003 | LARL_NWRL_CONSORTIUM | ||
| 005 | 20181105151607.0 | ||
| 008 | 180227t20192019mnua j 6 000 1 eng d | ||
| 040 | . | ‡aYDX ‡beng ‡erda ‡cYDX ‡dBDX ‡dDMM ‡dOCLCF | |
| 020 | . | ‡a1496573870 | |
| 020 | . | ‡a9781496573872 | |
| 035 | . | ‡a(OCoLC)1024087515 | |
| 082 | 0 | 4. | ‡a741.5/973 ‡223 |
| 100 | 1 | . | ‡aManning, Matthew K., ‡eauthor. ‡0(LARL_NWRL_CONSORTIUM)220743 |
| 245 | 1 | 0. | ‡aBatman, Teenage Mutant Ninja Turtles adventures. ‡n#6, ‡pThe terror of the Kraang / ‡cwriter: Matthew K. Manning ; artist: Jon Sommariva ; inker: Sean Parsons ; colorist: Leonardo Ito. |
| 246 | 3 | . | ‡aTerror of the Kraang |
| 264 | 1. | ‡aNorth Mankato, Minnesota : ‡bStone Arch Books, ‡c[2019] | |
| 264 | 4. | ‡c©2019 | |
| 300 | . | ‡a24 pages : ‡bchiefly color illustrations ; ‡c27 cm | |
| 336 | . | ‡atext ‡btxt ‡2rdacontent | |
| 336 | . | ‡astill image ‡bsti ‡2rdacontent | |
| 337 | . | ‡aunmediated ‡bn ‡2rdamedia | |
| 338 | . | ‡avolume ‡bnc ‡2rdacarrier | |
| 490 | 0 | . | ‡aBatman, Teenage Mutant Ninja Turtles adventures ; ‡v6 |
| 500 | . | ‡aOriginally published as BATMAN/TEENAGE MUTANT NINJA TURTLES ADVENTURES #6. | |
| 520 | . | ‡aThe evil Kraang travel across dimensions to attack Gotham City. The Teenage Mutant Ninja Turtles arrive to help Batman and his sidekicks stop them. But can the two teams of heroes stop the inter-dimensional danger in time? | |
| 600 | 0 | 0. | ‡aBatman ‡c(Fictitious character) ‡vComic books, strips, etc. |
| 600 | 0 | 7. | ‡aBatman ‡c(Fictitious character) ‡2fast |
| 650 | 0. | ‡aTeenage Mutant Ninja Turtles (Fictitious characters) ‡vComic books, strips, etc. | |
| 650 | 7. | ‡aTeenage Mutant Ninja Turtles (Fictitious characters) ‡2fast ‡0(LARL_NWRL_CONSORTIUM)37844 | |
| 655 | 7. | ‡aSuperhero comics. ‡2lcgft | |
| 655 | 7. | ‡aGraphic novels. ‡2lcgft | |
| 655 | 7. | ‡aComic books, strips, etc. ‡2fast | |
| 655 | 7. | ‡aGraphic novels. ‡2fast | |
| 655 | 7. | ‡aSuperhero comics. ‡2fast | |
| 700 | 1 | . | ‡aSommariva, Jon, ‡eartist. |
| 700 | 1 | . | ‡aParsons, Sean P., ‡einker. |
| 700 | 1 | . | ‡aIto, Leonardo, ‡ecolorist. |
| 901 | . | ‡a302032 ‡b ‡c302032 ‡tbiblio | |

Add to basket
Permalink
Disable Highlighting